European Countries That Don't Contain A - Statistics

General Stats
  • This quiz has been taken 701 times
  • The average score is 8 of 9
Answer Stats
Answer % Correct
Belgium
97%
Sweden
96%
Greece
95%
Kosovo
93%
Liechtenstein
93%
Luxembourg
93%
United Kingdom
92%
Montenegro
89%
Czech Republic
74%
No matching quizzes found
Score Distribution
Percent of People with Each Score
Percentile by Number Answered
Your Score History
You have not taken this quiz